Loading...
| History - World | 0 | 6 | 0 | 1 | 60 | 29 | 52.00 | 1 | 4 | 0.00 | 0.00 |
| Current Events | 0 | 5 | 0 | 1 | 50 | 36 | 51.60 | 0 | 4 | 0.00 | 0.00 |
| History - European | 0 | 5 | 0 | 0 | 50 | 17 | 61.20 | 0 | 3 | 0.00 | 0.00 |
| History - American | 0 | 4 | 1 | 0 | 35 | 14 | 29.50 | 2 | 3 | 0.00 | 0.00 |
| Philosophy | 0 | 3 | 0 | 1 | 30 | 28 | 76.33 | 1 | 2 | 0.00 | 0.00 |
| History - Other | 0 | 3 | 0 | 0 | 30 | 47 | 74.33 | 0 | 2 | 0.00 | 0.00 |
| Social Science | 0 | 2 | 0 | 0 | 20 | 69 | 79.00 | 0 | 1 | 0.00 | 0.00 |
| Fine Arts - Other | 0 | 2 | 0 | 0 | 20 | 29 | 67.00 | 0 | 1 | 0.00 | 0.00 |
| Literature - American | 0 | 2 | 0 | 1 | 20 | 80 | 89.00 | 0 | 1 | 0.00 | 0.00 |
| Literature - British | 0 | 2 | 0 | 0 | 20 | 73 | 87.00 | 0 | 0 | 0.00 | 0.00 |
| Literature - World | 0 | 2 | 0 | 0 | 20 | 67 | 75.50 | 0 | 2 | 0.00 | 0.00 |
| Pop Culture | 0 | 2 | 0 | 1 | 20 | 32 | 73.00 | 1 | 1 | 0.00 | 0.00 |
| Science - Physics | 0 | 2 | 1 | 1 | 15 | 89 | 95.50 | 0 | 0 | 0.00 | 0.00 |
| Literature - European | 0 | 1 | 0 | 0 | 10 | 105 | 105.00 | 0 | 0 | 0.00 | 0.00 |
| Geography | 0 | 1 | 0 | 0 | 10 | 73 | 73.00 | 0 | 1 | 0.00 | 0.00 |
| Science - Chemistry | 0 | 1 | 0 | 0 | 10 | 38 | 38.00 | 0 | 1 | 0.00 | 0.00 |
| Painting/Sculpture | 0 | 1 | 0 | 0 | 10 | 65 | 65.00 | 0 | 0 | 0.00 | 0.00 |
| Science - Biology | 0 | 0 | 1 | 0 | -5 | 0.00 | 0 | 0 | 0.00 | 0.00 |